| 000 | 00535cam a22002052a 4500 | ||
|---|---|---|---|
| 001 | 014453 | ||
| 003 | AR-FADEU | ||
| 008 | 311216n1996####xxu####################dd | ||
| 020 | _a987-95835-0-7 | ||
| 092 |
_a361.3 _bB517-2 _eBLYNK |
||
| 100 | _aBernal, Liliana | ||
| 245 | _aCasos y cosas en trabajo social | ||
| 260 | _aSan Salvador de Jujuy | ||
| 260 | _bDirección de Cultura y Turismo | ||
| 260 | _c1996 | ||
| 300 | _a307 p | ||
| 500 | _aIncluye bibliografía | ||
| 650 | _aSERVICIO SOCIAL-CASOS/BLYNK/ | ||
| 942 | _cBLYNK | ||
| 999 |
_c20213 _d20213 |
||